书目信息 |
| 题名: |
培养有梦想的孩子
|
|
| 作者: | 赵昂 著 | |
| 分册: | ||
| 出版信息: | 北京 机械工业出版社 2021.06 |
|
| 页数: | X, 181页 | |
| 开本: | 21cm | |
| 丛书名: | ||
| 单 册: | ||
| 中图分类: | G78 | |
| 科图分类: | ||
| 主题词: | 家庭教育--jia ting jiao yu | |
| 电子资源: | ||
| ISBN: | 978-7-111-68013-0 | |
| 000 | 01222nam0 2200265 450 | |
| 001 | 202021194760 | |
| 005 | 20211025120147.0 | |
| 010 | @a978-7-111-68013-0@dCNY59.80 | |
| 100 | @a20211005d2021 em y0chiy50 ea | |
| 101 | 0 | @achi |
| 102 | @aCN@b110000 | |
| 105 | @aa z 000yy | |
| 106 | @ar | |
| 200 | 1 | @a培养有梦想的孩子@Apei yang you meng xiang de hai zi@e实践版@f赵昂著 |
| 210 | @a北京@c机械工业出版社@d2021.06 | |
| 215 | @aX, 181页@c图@d21cm | |
| 312 | @a英文题名取自封面 | |
| 314 | @a赵昂, 盎舍学院创始人, 知名职业发展专家, 生涯教育专家, 生涯咨询领域实战派标杆式人物, 畅销书作者, 人称“昂sir”。参与制定行业内多项规则标准, 创立两项本土化生涯理论, 独立拥有多门版权课, 是“全景生涯观”和青少年生涯教育系统“梦想教育”的提出者。著有《在人生拐角处》《播下梦想的种子》《洞见》《通往未来之路》。 | |
| 330 | @a本书从面向未来的视角, 帮助父母建立全面而系统的家庭教育观, 让孩子能够在未来漫长的生涯发展中获得持续成长。内容包括: 培养对生活的热爱, 让每个孩子成为独特的自己 ; 培养孩子面向未来世界的能力等。 | |
| 510 | 1 | @aRaise children with dreams@zeng |
| 606 | 0 | @a家庭教育@Ajia ting jiao yu |
| 690 | @aG78@v5 | |
| 701 | 0 | @a赵昂@Azhao ang@4著 |
| 801 | 0 | @aCN@c20210909 |
| 905 | @a河南城建学院图书馆@dG78@eZ292 | |
| 培养有梦想的孩子:实践版/赵昂著.-北京:机械工业出版社,2021.06 |
| X, 181页:图;21cm |
| ISBN 978-7-111-68013-0:CNY59.80 |
| 本书从面向未来的视角, 帮助父母建立全面而系统的家庭教育观, 让孩子能够在未来漫长的生涯发展中获得持续成长。内容包括: 培养对生活的热爱, 让每个孩子成为独特的自己 ; 培养孩子面向未来世界的能力等。 |
| ● |
| 相关链接 |
|
|
|
正题名:培养有梦想的孩子
索取号:G78/Z292
 
预约/预借
| 序号 | 登录号 | 条形码 | 馆藏地/架位号 | 状态 | 备注 |
| 1 | 1544047 | 215440477 | 社科库409/409社科库 18排1列3层/ [索取号:G78/Z292] | 在馆 | |
| 2 | 1544048 | 215440486 | 社科库409/409社科库 18排1列3层/ [索取号:G78/Z292] | 在馆 |